| 000 | 00712cam a2200217 a 4500 | ||
|---|---|---|---|
| 001 | ca 34000707 | ||
| 003 | DLC | ||
| 005 | 20260227111131.0 | ||
| 008 | 000203s1932 xx bm 000 0 eng c | ||
| 010 | _aca 34000707 | ||
| 040 |
_aDLC _cDLC |
||
| 043 | _an-us-va | ||
| 050 | 0 | 0 |
_aKFV2750.C4 _bS25 1932 |
| 100 | 1 |
_aSalter, Frances Virginia, _d1911- |
|
| 245 | 1 | 4 |
_aThe history of the Virginia colonial children legislation from 1619 to 1792 / _cby Frances Virginia Salter. |
| 260 | _c1932. | ||
| 300 |
_a[4], 551, [3] leaves, bound ; _c28 cm. |
||
| 500 | _aTypescript. | ||
| 504 | _aIncludes bibliographical references ([2] leaves at end). | ||
| 650 | 0 |
_aChildren _xLegal status, laws, etc. _zVirginia _xHistory |
|
| 999 |
_c17329 _d17329 |
||